Viage [sic] literario a las iglesias de España / (Record no. 167570)

MARC details
000 -LEADER
campo de control de longitud fija 01285nam a2200229 i 4500
001 - NÚMERO DE CONTROL
campo de control 167570
003 - IDENTIFICADOR DE NÚMERO DE CONTROL
campo de control ES-MaACL
005 - FECHA Y HORA DE LA ÚLTIMA TRANSACCIÓN
campo de control 20250907063128.0
008 - DATOS DE LONGITUD FIJA--INFORMACIÓN GENERAL
campo de control de longitud fija 940206m18031852sp |||| | spa d
040 ## - FUENTE DE CATALOGACIÓN
Centro catalogador/agencia de origen AR
Lengua de catalogación spa
100 1# - ENTRADA PRINCIPAL--NOMBRE DE PERSONA
Nombre de persona Villanueva, Jaime,
Fechas asociadas al nombre 1765-1824
9 (RLIN) 133746
245 10 - MENCIÓN DEL TÍTULO
Título Viage [sic] literario a las iglesias de España /
Mención de responsabilidad, etc. ; le publica con algunas observaciones Joaquín Lorenzo Villanueva.
260 ## - PUBLICACIÓN, DISTRIBUCIÓN, ETC.
Lugar de publicación, distribución, etc. Madrid, [etc] :
Nombre del editor, distribuidor, etc. Imprenta Real, [etc],
Fecha de publicación, distribución, etc. 1803-1852.
300 ## - DESCRIPCIÓN FÍSICA
Extensión 22 v. ;
Dimensiones 20 cm.
505 8# - NOTA DE CONTENIDO CON FORMATO
Nota de contenido con formato Apéndice de documentos, la mayoría en latín, al final de cada tomo
594 ## - Nota al título y mención de responsabilidad
Nota al título y mención de responsabilidad En los 8 primeros tomos consta el nombre del hermano del autor, Joaquin Lorenzo Villanueva, por persecución política de Jaime Villanueva.
596 ## - NOTA AL PIE DE IMPRENTA
NOTA AL PIE DE IMPRENTA T.I a IV impresos en Madrid por la Imprenta Real, en 1803, 1804 y 1806. Los tomos VI a X impresos en Valencia, en la Imprenta de Oliveres, antes de Estevan, en 1821. Los tomos X a XXII impresos en Madrid por la Imprenta de la Real Academia de la Historia, 1850 (t.XI-XIV), 1851(t.XV-XXI) y 1852 el t.XXII.
597 ## - NOTA DE DESCRIPCIÓN FÍSICA
NOTA DE DESCRIPCIÓN FÍSICA 22 t. en 11v.
650 04 - PUNTO DE ACCESO ADICIONAL DE MATERIA--TÉRMINO DE MATERIA
Término de materia o nombre geográfico como elemento de entrada Iglesias-
Subdivisión geográfica España.
9 (RLIN) 13573
852 ## - LOCALIZACIÓN
Ubicación ES-MaACL
Número de control de estantería R-2623-39
Nota libre -- Enc. hol. y Rúst.
-- -- Enc. 22 t. en 17 v.
Encuadernación Olim:F-7158-74
Holdings
Estatus retirado Estado de pérdida Estado de daño No para préstamo Colección Biblioteca de origen Biblioteca actual Ubicación en estantería Fecha de adquisición Total de préstamos Signatura topográfica completa Código de barras Visto por última vez Precio de reemplazo Tipo de ítem Koha
        Libros del s. XIX Biblioteca del Ateneo de Madrid Biblioteca del Ateneo de Madrid Depósito 17/01/2008   R-2623-39 1175800 23/02/2023 23/02/2023 Libro impreso antiguo